Doc. RNDr. Štefan Fekete, CSc.

Bibliographic Details
Main Author: Čaputa, Alojz, 1933-2009 (Author)
Format: Article
Language:Slovak
PhysicalDescription:Fotogr.
ISSN:1335-1737
Subjects:

MARC

LEADER 00000nab a2200000 a 4500
001 vtls000811784
003 SK-MaSNL
005 20260303072811.0
008 140328c2002 xo 0 slo
015 |a SNBRB2002/10-33793 
035 |a CLN000163439 
040 |a SNKBUCL  |b slo  |c SNKBUCL  |e AACR2 
041 0 |a slo 
044 |a xo  |c SK 
080 |a 556-051  |2 1997 
080 |a 929 Fekete, Štefan  |2 1997 
100 1 |a Čaputa, Alojz,  |d 1933-2009  |4 aut  |9 37702 
245 1 0 |a Doc. RNDr. Štefan Fekete, CSc.  |c Alojz Čaputa 
300 |b Fotogr. 
600 1 7 |a Fekete, Štefan,  |d 1917-1998  |2 snkbucl  |9 135310 
655 7 |a články z novín a časopisov  |2 snkbucl  |9 267496 
773 0 |t Chránené územia Slovenska  |g Č. 52 (2002), s. 38  |x 1335-1737 
850 |a Slovenská národná knižnica v Martine 
852 |a SNK  |b KIS3GCP 
958 |a SK 
958 |a BX 
992 |a RBX 
999 |c 1764828  |d 1766758